000 00355nam a22000977a 4500
100 _aपाण्‍डेय,दीपक
_979709
245 _aगणित NCERT की पाठ्य पुस्‍तकों पर पूर्णतया आधारित
260 _aChennai
_bMcGraw Hill
_c2020
650 _aगणित
_979710
942 _cHIN
999 _c63327
_d63327